NBA - Name These Players (MEDIUM) - Statistics

General Stats
  • This quiz has been taken 126 times
  • The average score is 7 of 8
Answer Stats
Picture Answer % Correct
Dirk Nowitzki
97%
Victor Wembanyama
97%
Donovan Mitchell
96%
Josh Giddey
93%
Pascal Siakam
90%
RJ Barrett
83%
Harrison Barnes
79%
Immanuel Quickley
59%
No matching quizzes found
Score Distribution
Percent of People with Each Score
Percentile by Number Answered
Your Score History
You have not taken this quiz